[Event "1.CLZ 15/16,Unichess-Neratovice"]
[Site "Praha"]
[Date "2016.01.17"]
[Round "6.1"]
[White "Bernasek, Jan"]
[Black "Velicka, Petr"]
[Result "0-1"]
[BlackElo "2416"]
[WhiteElo "2524"]
[WhiteTeam "Unichess"]
[BlackTeam "Neratovice"]
[LiveChessVersion "1.4.6"]

1. c4 {[%clk 1:26:57]} Nf6 {[%clk 1:26:34]} 2. Nf3 {[%clk 1:23:56]} c6
{[%clk 1:25:23]} 3. Nc3 {[%clk 1:23:46]} d5 {[%clk 1:25:47]} 4. e3
{[%clk 1:24:10]} Bg4 {[%clk 1:24:25]} 5. Qb3 {[%clk 1:20:35]} Qb6
{[%clk 1:24:46]} 6. d4 {[%clk 1:19:26]} Bxf3 {[%clk 1:24:31]} 7. gxf3
{[%clk 1:19:48]} e6 {[%clk 1:24:49]} 8. e4 {[%clk 1:14:31]} Nbd7 {[%clk 1:23:10]}
9. cxd5 {[%clk 1:05:20]} exd5 {[%clk 1:17:24]} 10. e5 {[%clk 1:02:29]} Qxb3
{[%clk 1:14:55]} 11. axb3 {[%clk 1:02:54]} Nh5 {[%clk 1:14:11]} 12. f4
{[%clk 0:54:52]} g6 {[%clk 1:12:27]} 13. f5 {[%clk 0:48:04]} gxf5
{[%clk 1:11:46]} 14. Bd3 {[%clk 0:48:26]} Ng7 {[%clk 1:11:26]} 15. Be3
{[%clk 0:38:13]} f6 {[%clk 1:09:56]} 16. f4 {[%clk 0:37:25]} Kf7 {[%clk 1:02:42]}
17. Kf2 {[%clk 0:30:00]} Be7 {[%clk 0:59:32]} 18. Rhg1 {[%clk 0:29:50]} Nf8
{[%clk 0:56:36]} 19. Ne2 {[%clk 0:25:23]} Nfe6 {[%clk 0:53:24]} 20. Rg2
{[%clk 0:20:45]} a6 {[%clk 0:51:57]} 21. Rag1 {[%clk 0:17:57]} Rag8
{[%clk 0:50:29]} 22. Kf3 {[%clk 0:17:30]} Bd8 {[%clk 0:48:25]} 23. Rg3
{[%clk 0:11:08]} Bb6 {[%clk 0:42:54]} 24. Rh3 {[%clk 0:09:53]} h5
{[%clk 0:41:22]} 25. Rhg3 {[%clk 0:09:24]} h4 {[%clk 0:41:17]} 26. Rg6
{[%clk 0:08:34]} Bd8 {[%clk 0:41:13]} 27. Nc3 {[%clk 0:05:43]} Be7
{[%clk 0:24:06]} 28. Ne2 {[%clk 0:02:47]} Rh5 {[%clk 0:23:47]} 29. R6g2
{[%clk 0:02:09]} Rgh8 {[%clk 0:21:30]} 30. h3 {[%clk 0:02:09]} Ne8
{[%clk 0:20:57]} 31. Kf2 {[%clk 0:01:04]} N8c7 {[%clk 0:20:21]} 32. Rd1
{[%clk 0:00:41]} Nb5 {[%clk 0:17:39]} 33. Bc2 {[%clk 0:00:45]} Rg8
{[%clk 0:16:54]} 34. Rxg8 {[%clk 0:00:58]} Kxg8 {[%clk 0:17:20]} 35. Ng1
{[%clk 0:01:16]} fxe5 {[%clk 0:16:42]} 36. dxe5 {[%clk 0:01:37]} Bc5
{[%clk 0:15:03]} 37. Bxc5 {[%clk 0:00:42]} Nxc5 {[%clk 0:15:27]} 38. Nf3
{[%clk 0:00:53]} Ne6 {[%clk 0:15:26]} 39. Ke3 {[%clk 0:00:34]} d4+
{[%clk 0:13:16]} 40. Nxd4 {[%clk 0:00:34]} Nbxd4 {[%clk 0:12:52]} 41. Rxd4
{[%clk 0:00:59]} Nxd4 {[%clk 0:13:17]} 42. Kxd4 {[%clk 0:01:24]} Kf7
{[%clk 0:13:21]} 43. Kc5 {[%clk 0:00:58]} Ke6 {[%clk 0:12:05]} 44. b4
{[%clk 0:20:38]} Rh7 {[%clk 0:42:00]} 45. Bb3+ {[%clk 0:18:20]} Ke7
{[%clk 0:41:44]} 46. Bc2 {[%clk 0:17:58]} Ke6 {[%clk 0:35:30]} 47. Bb3+
{[%clk 0:18:13]} Kd7 {[%clk 0:35:50]} 48. Kb6 {[%clk 0:04:05]} Rg7
{[%clk 0:35:20]} 49. Kxb7 {[%clk 0:02:41]} Rg3 {[%clk 0:35:08]} 50. Ba4
{[%clk 0:02:15]} Rxh3 {[%clk 0:33:47]} 51. Bxc6+ {[%clk 0:02:40]} Kd8
{[%clk 0:32:41]} 52. Kxa6 {[%clk 0:02:32]} Rb3 {[%clk 0:32:47]} 53. b5
{[%clk 0:01:49]} Kc7 {[%clk 0:32:16]} 54. e6 {[%clk 0:00:59]} Rxb2
{[%clk 0:32:38]} 55. Bd5 {[%clk 0:01:12]} Rb1 {[%clk 0:32:39]} 56. Ka5
{[%clk 0:00:57]} h3 {[%clk 0:32:43]} 57. Bc6 {[%clk 0:00:31]} h2 {[%clk 0:32:17]}
58. e7 {[%clk 0:00:35]} Re1 {[%clk 0:32:32]} 0-1

[Event "1.CLZ 15/16,Unichess-Neratovice"]
[Site "Praha"]
[Date "2016.01.17"]
[Round "6.2"]
[White "Haba, Zdenek"]
[Black "Cernousek, Lukas"]
[Result "1/2-1/2"]
[BlackElo "2466"]
[WhiteElo "2177"]
[WhiteTeam "Neratovice"]
[BlackTeam "Unichess"]
[LiveChessVersion "1.4.6"]

1. d4 {[%clk 1:27:32]} Nf6 {[%clk 1:31:45]} 2. c4 {[%clk 1:27:47]} e6
{[%clk 1:32:07]} 3. g3 {[%clk 1:27:08]} d5 {[%clk 1:32:29]} 4. Bg2
{[%clk 1:27:07]} dxc4 {[%clk 1:32:52]} 5. Nf3 {[%clk 1:27:26]} Nc6
{[%clk 1:33:15]} 6. Qa4 {[%clk 1:25:27]} Bd7 {[%clk 1:18:51]} 7. Qxc4
{[%clk 1:24:51]} Na5 {[%clk 1:19:12]} 8. Qd3 {[%clk 1:15:48]} c5 {[%clk 1:17:36]}
9. O-O {[%clk 1:06:40]} Bc6 {[%clk 0:53:17]} 10. Bg5 {[%clk 0:52:17]} cxd4
{[%clk 0:43:11]} 11. Qxd4 {[%clk 0:48:51]} Qxd4 12. Nxd4 Bxg2 {[%clk 0:39:52]}
13. Kxg2 {[%clk 0:49:25]} Ne4 {[%clk 0:28:43]} 14. Bf4 {[%clk 0:39:33]} Be7
{[%clk 0:28:18]} 15. Nd2 {[%clk 0:34:31]} Nxd2 {[%clk 0:18:55]} 16. Bxd2
{[%clk 0:34:58]} Nc4 {[%clk 0:19:03]} 17. Bc3 {[%clk 0:34:13]} Rc8
{[%clk 0:17:02]} 18. Nf3 {[%clk 0:28:41]} Bf6 {[%clk 0:07:04]} 19. Bxf6
{[%clk 0:22:19]} gxf6 {[%clk 0:07:32]} 20. Rac1 {[%clk 0:21:54]} Ke7
{[%clk 0:06:58]} 21. Rc3 {[%clk 0:14:07]} Nd6 {[%clk 0:06:33]} 22. Rfc1
{[%clk 0:14:14]} Rxc3 {[%clk 0:05:37]} 23. Rxc3 {[%clk 0:14:42]} Rc8
{[%clk 0:05:58]} 24. Rxc8 {[%clk 0:10:52]} Nxc8 {[%clk 0:06:27]} 25. Nd2
{[%clk 0:10:34]} Nb6 {[%clk 0:05:14]} 26. Kf3 {[%clk 0:08:07]} Na4
{[%clk 0:05:42]} 27. b3 {[%clk 0:08:16]} Nc3 {[%clk 0:06:11]} 28. a3
{[%clk 0:08:01]} f5 {[%clk 0:05:26]} 29. Ke3 {[%clk 0:05:25]} Nd1+
{[%clk 0:05:36]} 30. Kf3 {[%clk 0:05:53]} Nc3 {[%clk 0:02:12]} 31. Ke3
{[%clk 0:05:59]} Nd1+ {[%clk 0:01:55]} 32. Kf3 {[%clk 0:06:28]} Kd6
{[%clk 0:01:36]} 33. e4 {[%clk 0:04:39]} Kc5 {[%clk 0:01:09]} 34. exf5
{[%clk 0:03:46]} exf5 {[%clk 0:01:38]} 35. Ke2 {[%clk 0:03:24]} Nc3+
{[%clk 0:00:54]} 36. Kd3 {[%clk 0:03:49]} Nb5 {[%clk 0:01:03]} 37. Nc4
{[%clk 0:02:22]} Nd6 {[%clk 0:00:38]} 38. Ne5 {[%clk 0:01:01]} Kd5 1/2-1/2

[Event "1.CLZ 15/16,Unichess-Neratovice"]
[Site "Praha"]
[Date "2016.01.17"]
[Round "6.3"]
[White "Jirka, Jiri"]
[Black "Vanka, Miloslav"]
[Result "1-0"]
[BlackElo "2156"]
[WhiteElo "2422"]
[WhiteTeam "Unichess"]
[BlackTeam "Neratovice"]
[LiveChessVersion "1.4.6"]

1. d4 {[%clk 1:30:42]} f5 {[%clk 1:27:11]} 2. g3 {[%clk 1:30:45]} Nf6
{[%clk 1:27:36]} 3. Bg2 {[%clk 1:31:07]} g6 {[%clk 1:25:51]} 4. b3
{[%clk 1:31:26]} Bg7 {[%clk 1:26:17]} 5. Bb2 {[%clk 1:31:51]} O-O
{[%clk 1:26:42]} 6. Nf3 {[%clk 1:32:17]} c6 {[%clk 1:23:44]} 7. O-O
{[%clk 1:28:59]} d5 {[%clk 1:17:56]} 8. c4 {[%clk 1:23:55]} Kh8 {[%clk 1:16:52]}
9. Nbd2 {[%clk 1:21:33]} Be6 {[%clk 1:15:27]} 10. Ne5 {[%clk 1:16:14]} Nbd7
{[%clk 1:12:09]} 11. Nd3 {[%clk 1:12:05]} Bg8 {[%clk 1:08:21]} 12. Rc1
{[%clk 1:02:28]} Re8 {[%clk 0:56:02]} 13. Nf3 {[%clk 1:02:02]} Qa5
{[%clk 0:47:05]} 14. c5 {[%clk 0:52:16]} Qc7 {[%clk 0:33:12]} 15. b4
{[%clk 0:51:55]} Ne4 {[%clk 0:32:35]} 16. a4 {[%clk 0:46:20]} a6 {[%clk 0:32:17]}
17. Qc2 {[%clk 0:44:16]} g5 {[%clk 0:24:14]} 18. Nfe5 {[%clk 0:44:17]} Nf8
{[%clk 0:22:08]} 19. f3 {[%clk 0:42:43]} Nf6 {[%clk 0:22:20]} 20. Rb1
{[%clk 0:42:01]} N6d7 {[%clk 0:15:31]} 21. Bc3 {[%clk 0:25:46]} Be6
{[%clk 0:14:04]} 22. Qd2 {[%clk 0:20:19]} Bf6 {[%clk 0:13:12]} 23. b5
{[%clk 0:20:11]} axb5 {[%clk 0:13:20]} 24. axb5 {[%clk 0:20:39]} Ng6
{[%clk 0:13:13]} 25. f4 {[%clk 0:04:49]} g4 {[%clk 0:09:42]} 26. h3
{[%clk 0:03:56]} gxh3 {[%clk 0:09:53]} 27. Bxh3 {[%clk 0:04:23]} Rg8
{[%clk 0:08:57]} 28. Kf2 {[%clk 0:03:08]} Rg7 {[%clk 0:05:12]} 29. Qe3
{[%clk 0:02:07]} Ndf8 {[%clk 0:04:57]} 30. bxc6 {[%clk 0:02:13]} bxc6
{[%clk 0:04:59]} 31. Rb6 {[%clk 0:02:40]} Bxe5 {[%clk 0:04:24]} 32. dxe5
{[%clk 0:00:55]} Nd7 {[%clk 0:02:25]} 33. Rb2 {[%clk 0:01:24]} Rf7
{[%clk 0:02:24]} 34. Rfb1 {[%clk 0:01:01]} Ra7 {[%clk 0:02:03]} 35. Ne1
{[%clk 0:01:20]} Ra4 {[%clk 0:01:22]} 36. Rb7 {[%clk 0:01:05]} Qc8
{[%clk 0:01:51]} 37. Bd4 {[%clk 0:01:00]} Rf8 {[%clk 0:01:29]} 38. Nf3
{[%clk 0:01:22]} h6 {[%clk 0:01:47]} 39. R7b4 {[%clk 0:00:40]} Qa6
{[%clk 0:01:20]} 40. Bc3 {[%clk 0:00:38]} Rxb4 {[%clk 0:00:41]} 41. Rxb4
{[%clk 0:00:38]} Qc8 {[%clk 0:25:03]} 42. Ra4 {[%clk 0:22:02]} Kh7
{[%clk 0:18:55]} 43. Ra5 {[%clk 0:21:27]} Rf7 {[%clk 0:13:44]} 44. Kg1
{[%clk 0:16:42]} Ndf8 {[%clk 0:09:45]} 45. Nd4 {[%clk 0:13:10]} Bd7
{[%clk 0:08:42]} 46. Qd3 {[%clk 0:11:24]} e6 {[%clk 0:06:42]} 47. e3
{[%clk 0:11:38]} Be8 {[%clk 0:06:53]} 48. g4 {[%clk 0:11:49]} Bd7
{[%clk 0:05:09]} 49. gxf5 {[%clk 0:11:16]} exf5 {[%clk 0:05:38]} 50. Ra7
{[%clk 0:09:16]} Kg8 {[%clk 0:03:42]} 51. Rxd7 {[%clk 0:08:33]} Qxd7
{[%clk 0:03:16]} 52. Nxf5 {[%clk 0:08:28]} Rxf5 {[%clk 0:02:12]} 53. Bxf5
{[%clk 0:03:40]} Qg7 {[%clk 0:01:30]} 54. Kf2 {[%clk 0:03:21]} Nh4
{[%clk 0:01:56]} 55. Bh3 {[%clk 0:03:40]} Nd7 {[%clk 0:01:35]} 56. Bd4
{[%clk 0:03:23]} Qe7 {[%clk 0:01:27]} 57. Qd1 1-0

[Event "1.CLZ 15/16,Unichess-Neratovice"]
[Site "Praha"]
[Date "2016.01.17"]
[Round "6.4"]
[White "Purnoch, Josef"]
[Black "Simek, Petr"]
[Result "0-1"]
[BlackElo "2375"]
[WhiteElo "2198"]
[WhiteTeam "Neratovice"]
[BlackTeam "Unichess"]
[LiveChessVersion "1.4.6"]

1. d4 {[%clk 1:21:05]} Nf6 {[%clk 1:30:51]} 2. c4 {[%clk 1:21:26]} e6
{[%clk 1:31:14]} 3. Nc3 {[%clk 1:21:50]} Bb4 {[%clk 1:31:34]} 4. f3
{[%clk 1:22:10]} d5 {[%clk 1:22:45]} 5. a3 {[%clk 1:21:45]} Bxc3+
{[%clk 1:23:06]} 6. bxc3 {[%clk 1:22:11]} c6 {[%clk 1:22:31]} 7. e3
{[%clk 1:21:38]} b6 {[%clk 1:22:52]} 8. cxd5 {[%clk 1:19:17]} cxd5
{[%clk 1:23:16]} 9. Bd3 {[%clk 1:16:42]} O-O {[%clk 1:22:50]} 10. Ne2
{[%clk 1:17:09]} Ba6 {[%clk 1:05:26]} 11. Bxa6 {[%clk 1:14:00]} Nxa6
{[%clk 1:05:36]} 12. Qd3 {[%clk 1:14:26]} Qc8 {[%clk 1:05:18]} 13. O-O
{[%clk 1:11:00]} Nc7 {[%clk 1:01:40]} 14. e4 {[%clk 1:06:43]} Qa6
{[%clk 0:59:37]} 15. Qe3 {[%clk 1:03:11]} Rac8 {[%clk 0:53:44]} 16. e5
{[%clk 1:02:37]} Nd7 {[%clk 0:53:16]} 17. f4 {[%clk 1:02:45]} f5 {[%clk 0:52:44]}
18. exf6 {[%clk 1:01:27]} Nxf6 {[%clk 0:51:37]} 19. Ng3 {[%clk 0:45:23]} Rfe8
{[%clk 0:51:42]} 20. a4 {[%clk 0:33:15]} Nb5 {[%clk 0:40:27]} 21. Qe2
{[%clk 0:31:46]} Rc4 {[%clk 0:37:01]} 22. Bd2 {[%clk 0:25:46]} Rxa4
{[%clk 0:36:19]} 23. Rxa4 {[%clk 0:21:19]} Qxa4 {[%clk 0:36:42]} 24. Nh5
{[%clk 0:21:38]} Nxh5 {[%clk 0:35:01]} 25. Qxh5 {[%clk 0:21:22]} Nd6
{[%clk 0:35:22]} 26. Be1 {[%clk 0:17:38]} Qd7 {[%clk 0:23:25]} 27. g4
{[%clk 0:11:31]} Rf8 {[%clk 0:10:49]} 28. Rf3 {[%clk 0:07:40]} a5
{[%clk 0:09:27]} 29. Rh3 {[%clk 0:05:50]} g6 {[%clk 0:09:51]} 30. Qe5
{[%clk 0:05:00]} Nc4 {[%clk 0:06:59]} 31. Qg5 {[%clk 0:05:09]} a4
{[%clk 0:06:19]} 32. Rg3 {[%clk 0:05:01]} Qd8 {[%clk 0:02:00]} 33. Qh6
{[%clk 0:04:49]} Qf6 {[%clk 0:01:47]} 34. Rf3 {[%clk 0:04:33]} a3
{[%clk 0:02:04]} 35. Bh4 {[%clk 0:04:55]} Qg7 {[%clk 0:02:20]} 36. Qxg7+
{[%clk 0:02:24]} Kxg7 {[%clk 0:02:45]} 37. Rf2 {[%clk 0:02:50]} Ra8
{[%clk 0:01:39]} 38. Ra2 {[%clk 0:02:55]} Kf7 {[%clk 0:02:04]} 39. Kf2
{[%clk 0:02:40]} Ra5 {[%clk 0:02:29]} 40. Kf3 {[%clk 0:00:44]} Rb5
{[%clk 0:02:39]} 41. f5 {[%clk 0:25:40]} exf5 {[%clk 0:30:47]} 42. gxf5
{[%clk 0:26:06]} Rb2 {[%clk 0:30:43]} 43. fxg6+ {[%clk 0:26:28]} hxg6
{[%clk 0:30:48]} 44. Ra1 {[%clk 0:26:24]} a2 {[%clk 0:29:48]} 45. Be1
{[%clk 0:25:52]} Na5 {[%clk 0:28:53]} 46. c4 {[%clk 0:26:00]} Nb3
{[%clk 0:29:13]} 47. Bc3 {[%clk 0:26:23]} Rc2 {[%clk 0:29:37]} 0-1

[Event "1.CLZ 15/16,Unichess-Neratovice"]
[Site "Praha"]
[Date "2016.01.17"]
[Round "6.5"]
[White "Kovar, Vojtech"]
[Black "Cernik, Lukas"]
[Result "1/2-1/2"]
[BlackElo "2156"]
[WhiteElo "2345"]
[WhiteTeam "Unichess"]
[BlackTeam "Neratovice"]
[LiveChessVersion "1.4.6"]

1. c4 {[%clk 1:30:10]} g6 {[%clk 1:25:34]} 2. Nc3 {[%clk 1:26:07]} Bg7
{[%clk 1:25:54]} 3. g3 {[%clk 1:26:12]} c5 {[%clk 1:23:06]} 4. Bg2
{[%clk 1:25:58]} Nc6 {[%clk 1:23:29]} 5. Rb1 {[%clk 1:23:59]} Nf6
{[%clk 1:18:35]} 6. a3 {[%clk 1:23:54]} O-O {[%clk 1:14:12]} 7. b4
{[%clk 1:21:13]} cxb4 {[%clk 1:05:33]} 8. axb4 {[%clk 1:17:10]} e6
{[%clk 1:02:54]} 9. b5 {[%clk 0:38:50]} Ne7 {[%clk 0:58:50]} 10. e4
{[%clk 0:38:35]} d5 {[%clk 0:54:08]} 11. d3 {[%clk 0:14:01]} dxc4
{[%clk 0:48:27]} 12. dxc4 {[%clk 0:12:30]} Qc7 {[%clk 0:48:32]} 13. Ba3
{[%clk 0:12:20]} Rd8 {[%clk 0:41:16]} 14. Qb3 {[%clk 0:12:26]} Ng4
{[%clk 0:36:24]} 15. Nge2 {[%clk 0:11:39]} b6 {[%clk 0:32:30]} 16. O-O
{[%clk 0:07:06]} Bb7 {[%clk 0:29:49]} 17. Rfd1 {[%clk 0:00:58]} Ne5
{[%clk 0:26:19]} 18. Na4 {[%clk 0:01:04]} Nc8 {[%clk 0:15:13]} 19. c5
{[%clk 0:01:04]} bxc5 {[%clk 0:15:25]} 20. Nxc5 {[%clk 0:01:33]} Nb6
{[%clk 0:13:56]} 21. Rdc1 {[%clk 0:01:01]} Qb8 {[%clk 0:11:27]} 22. Nxb7
{[%clk 0:01:17]} Qxb7 {[%clk 0:11:48]} 23. f4 {[%clk 0:01:10]} Rd3
{[%clk 0:09:23]} 24. Rc3 {[%clk 0:01:39]} Rd2 {[%clk 0:07:32]} 25. Rc2
{[%clk 0:00:43]} Rxc2 {[%clk 0:07:25]} 26. Qxc2 {[%clk 0:01:08]} Rc8
{[%clk 0:07:32]} 27. Qb3 {[%clk 0:00:52]} Nec4 {[%clk 0:06:47]} 28. e5
{[%clk 0:00:41]} Nd5 {[%clk 0:05:23]} 29. Bc1 {[%clk 0:01:04]} Bf8
{[%clk 0:05:03]} 30. h3 {[%clk 0:00:56]} Bc5+ {[%clk 0:03:59]} 31. Kh2
{[%clk 0:01:24]} Qd7 {[%clk 0:03:44]} 32. Ng1 {[%clk 0:00:56]} Nde3
{[%clk 0:02:53]} 33. Bxe3 {[%clk 0:00:43]} Nxe3 {[%clk 0:03:11]} 34. Bf3
{[%clk 0:00:37]} Qd2+ {[%clk 0:02:31]} 35. Ne2 {[%clk 0:01:05]} Bb6
{[%clk 0:02:27]} 36. Qb4 {[%clk 0:00:43]} Rc2 {[%clk 0:01:21]} 37. Qxd2
{[%clk 0:00:47]} Rxd2 {[%clk 0:01:50]} 38. h4 {[%clk 0:00:57]} h5
{[%clk 0:02:03]} 39. Kh3 {[%clk 0:00:39]} Kf8 {[%clk 0:00:50]} 40. Rh1
{[%clk 0:00:33]} Rb2 {[%clk 0:00:33]} 41. Nc3 {[%clk 0:29:31]} Nf5
{[%clk 0:29:43]} 42. Rb1 {[%clk 0:12:51]} Rxb1 {[%clk 0:19:19]} 43. Nxb1
{[%clk 0:13:19]} Bf2 {[%clk 0:17:42]} 44. g4 {[%clk 0:13:43]} hxg4+
{[%clk 0:13:19]} 45. Kxg4 {[%clk 0:14:07]} Bxh4 {[%clk 0:13:14]} 46. Be4
{[%clk 0:13:08]} Be1 {[%clk 0:13:14]} 47. Na3 {[%clk 0:13:00]} Bb4
{[%clk 0:10:23]} 48. Nc4 {[%clk 0:13:04]} Nd4 {[%clk 0:09:25]} 49. b6
{[%clk 0:12:49]} axb6 {[%clk 0:09:49]} 50. Nxb6 {[%clk 0:13:17]} Kg7
{[%clk 0:09:44]} 51. Nc4 {[%clk 0:12:34]} Be7 {[%clk 0:07:55]} 52. Ne3
{[%clk 0:12:11]} Kh6 {[%clk 0:07:25]} 53. Nc2 {[%clk 0:12:12]} Ne2
{[%clk 0:07:00]} 54. Ne1 {[%clk 0:09:06]} Bb4 {[%clk 0:06:25]} 55. Nf3
{[%clk 0:07:39]} Kg7 {[%clk 0:06:40]} 56. Bc6 {[%clk 0:07:34]} Ba3
{[%clk 0:06:15]} 57. Ng5 {[%clk 0:06:45]} Bc1 {[%clk 0:06:05]} 58. Nh3
{[%clk 0:03:25]} Kh6 {[%clk 0:05:10]} 59. Be8 {[%clk 0:03:45]} Kg7
{[%clk 0:05:11]} 60. Kf3 {[%clk 0:03:15]} Nd4+ {[%clk 0:05:31]} 61. Ke4
{[%clk 0:03:26]} Ne2 {[%clk 0:04:59]} 62. Kf3 {[%clk 0:03:24]} Nd4+
{[%clk 0:05:01]} 63. Ke4 {[%clk 0:03:46]} Nf5 {[%clk 0:04:15]} 64. Ng5
{[%clk 0:03:27]} Nh6 {[%clk 0:04:38]} 65. Kf3 {[%clk 0:01:23]} Kf8
{[%clk 0:04:50]} 66. Ba4 {[%clk 0:01:42]} Ke7 {[%clk 0:05:10]} 67. Ne4
{[%clk 0:01:15]} Nf5 {[%clk 0:05:23]} 68. Ng3 {[%clk 0:01:29]} Ng7
{[%clk 0:04:39]} 69. Ke4 {[%clk 0:01:12]} Bd2 {[%clk 0:03:44]} 70. Nf1
{[%clk 0:01:33]} Be1 {[%clk 0:03:58]} 71. Ne3 {[%clk 0:01:38]} Nh5
{[%clk 0:04:09]} 72. Nf1 {[%clk 0:01:17]} Bc3 {[%clk 0:03:31]} 73. Kf3
{[%clk 0:01:02]} g5 {[%clk 0:03:03]} 74. fxg5 {[%clk 0:01:16]} Bxe5
{[%clk 0:03:23]} 75. Kg4 {[%clk 0:01:14]} Nf4 {[%clk 0:03:28]} 76. Ng3
{[%clk 0:01:27]} Ng6 {[%clk 0:03:40]} 77. Ne4 {[%clk 0:01:38]} Bb2
{[%clk 0:03:56]} 78. Bb5 {[%clk 0:01:29]} Bc1 {[%clk 0:04:03]} 79. Ba4
{[%clk 0:01:43]} Ne5+ {[%clk 0:04:02]} 80. Kh5 {[%clk 0:02:06]} Nf3
{[%clk 0:03:24]} 81. Kg4 {[%clk 0:01:21]} Nd4 {[%clk 0:03:39]} 82. Kh5
{[%clk 0:01:29]} e5 {[%clk 0:03:45]} 83. Kg4 {[%clk 0:01:44]} Ke6
{[%clk 0:03:47]} 84. Be8 {[%clk 0:01:58]} Kd5 {[%clk 0:02:46]} 85. g6
{[%clk 0:01:06]} fxg6 {[%clk 0:01:44]} 86. Bxg6 {[%clk 0:01:18]} Ne6
{[%clk 0:01:42]} 87. Bf7 {[%clk 0:01:29]} Kxe4 {[%clk 0:01:44]} 1/2-1/2

[Event "1.CLZ 15/16,Unichess-Neratovice"]
[Site "Praha"]
[Date "2016.01.17"]
[Round "6.6"]
[White "Bargel, Martin"]
[Black "Kuba, Jindrich"]
[Result "0-1"]
[BlackElo "2259"]
[WhiteElo "2161"]
[WhiteTeam "Neratovice"]
[BlackTeam "Unichess"]
[LiveChessVersion "1.4.6"]

1. e4 {[%clk 1:26:06]} c5 {[%clk 1:30:55]} 2. Nf3 {[%clk 1:26:31]} e6
{[%clk 1:31:20]} 3. d4 {[%clk 1:26:55]} cxd4 {[%clk 1:31:37]} 4. Nxd4
{[%clk 1:27:17]} a6 {[%clk 1:31:29]} 5. Nc3 {[%clk 1:27:26]} Qc7 {[%clk 1:31:36]}
6. Qf3 {[%clk 1:23:29]} Nc6 {[%clk 1:31:24]} 7. Be3 {[%clk 1:22:56]} Nf6
{[%clk 1:30:19]} 8. O-O-O {[%clk 0:54:47]} Bb4 {[%clk 1:26:27]} 9. Nxc6
{[%clk 0:51:06]} bxc6 {[%clk 1:24:36]} 10. Bd4 {[%clk 0:50:35]} Bd6
{[%clk 1:13:40]} 11. Na4 {[%clk 0:47:49]} e5 {[%clk 1:08:29]} 12. Bb6
{[%clk 0:44:46]} Qb8 {[%clk 1:08:57]} 13. g4 {[%clk 0:44:32]} O-O
{[%clk 1:07:28]} 14. Rd3 {[%clk 0:36:43]} Be7 {[%clk 1:04:19]} 15. g5
{[%clk 0:27:53]} Ne8 {[%clk 1:01:34]} 16. Rg1 {[%clk 0:23:11]} d6
{[%clk 1:00:34]} 17. Bh3 {[%clk 0:21:42]} Bxh3 {[%clk 0:59:41]} 18. Qxh3
{[%clk 0:22:03]} Qc8 {[%clk 1:00:09]} 19. Qh5 {[%clk 0:19:43]} Qe6
{[%clk 1:00:37]} 20. Rh3 {[%clk 0:19:40]} Qg6 {[%clk 1:01:00]} 21. Qg4
{[%clk 0:17:30]} f5 {[%clk 0:59:32]} 22. gxf6 {[%clk 0:14:07]} Qxg4
{[%clk 0:59:17]} 23. Rxg4 {[%clk 0:14:17]} Nxf6 {[%clk 0:58:54]} 24. Rgh4
{[%clk 0:13:25]} c5 {[%clk 0:51:01]} 25. Rg3 {[%clk 0:10:24]} Kh8
{[%clk 0:47:42]} 26. f3 {[%clk 0:09:54]} g5 {[%clk 0:44:18]} 27. Rhh3
{[%clk 0:09:06]} g4 {[%clk 0:43:55]} 28. fxg4 {[%clk 0:08:41]} Nxe4
{[%clk 0:44:10]} 29. Rf3 {[%clk 0:08:27]} Bg5+ {[%clk 0:44:32]} 30. Kd1
{[%clk 0:07:15]} Nf2+ {[%clk 0:44:55]} 31. Ke2 {[%clk 0:05:36]} Nxh3
{[%clk 0:45:19]} 32. Rxh3 {[%clk 0:06:03]} Rf4 {[%clk 0:45:40]} 33. Nc3
{[%clk 0:03:14]} Raf8 {[%clk 0:46:01]} 34. Nd1 {[%clk 0:01:01]} Rxg4
{[%clk 0:45:43]} 0-1

[Event "1.CLZ 15/16,Unichess-Neratovice"]
[Site "Praha"]
[Date "2016.01.17"]
[Round "6.7"]
[White "Bakalar, Petr"]
[Black "Burda, Roman"]
[Result "1-0"]
[BlackElo "2093"]
[WhiteElo "2221"]
[WhiteTeam "Unichess"]
[BlackTeam "Neratovice"]
[LiveChessVersion "1.4.6"]

1. Nf3 {[%clk 1:27:33]} d5 {[%clk 1:18:58]} 2. c4 {[%clk 1:27:29]} d4
{[%clk 1:18:25]} 3. e3 {[%clk 1:27:32]} Nc6 {[%clk 1:17:59]} 4. exd4
{[%clk 1:22:29]} Nxd4 {[%clk 1:18:05]} 5. Nxd4 {[%clk 1:22:54]} Qxd4
{[%clk 1:18:25]} 6. Nc3 {[%clk 1:23:01]} g6 {[%clk 1:16:13]} 7. d3
{[%clk 1:17:44]} Bh6 {[%clk 1:05:43]} 8. Nb5 {[%clk 1:07:10]} Qb6
{[%clk 1:00:23]} 9. Qe2 {[%clk 1:01:28]} Bxc1 {[%clk 0:49:48]} 10. Rxc1
{[%clk 1:01:18]} Bf5 {[%clk 0:42:31]} 11. Qe5 {[%clk 0:49:52]} O-O-O
{[%clk 0:42:52]} 12. Qxh8 {[%clk 0:49:23]} Nf6 {[%clk 0:43:14]} 13. Qg7
{[%clk 0:46:34]} Qe6+ {[%clk 0:43:15]} 14. Be2 {[%clk 0:44:46]} Bxd3
{[%clk 0:32:16]} 15. Nc3 {[%clk 0:36:32]} Bf5 {[%clk 0:19:46]} 16. O-O
{[%clk 0:31:32]} Rg8 {[%clk 0:18:54]} 17. Qh6 {[%clk 0:31:22]} g5
{[%clk 0:19:22]} 18. Rfe1 {[%clk 0:30:28]} Qb6 {[%clk 0:18:49]} 19. b3
{[%clk 0:29:52]} Kd8 {[%clk 0:18:07]} 20. Bf3 {[%clk 0:28:51]} Ke8
{[%clk 0:18:19]} 21. c5 {[%clk 0:28:30]} Qa6 {[%clk 0:14:26]} 22. Nd5
{[%clk 0:26:04]} 1-0

[Event "1.CLZ 15/16,Unichess-Neratovice"]
[Site "Praha"]
[Date "2016.01.17"]
[Round "6.8"]
[White "Netusil, Jaroslav"]
[Black "Jascenko, Olga"]
[Result "1/2-1/2"]
[BlackElo "2194"]
[WhiteElo "2005"]
[WhiteTeam "Neratovice"]
[BlackTeam "Unichess"]
[LiveChessVersion "1.4.6"]

1. e4 {[%clk 1:26:38]} c5 {[%clk 1:26:42]} 2. c4 {[%clk 1:26:50]} Nc6
{[%clk 1:26:04]} 3. Nc3 {[%clk 1:27:14]} g6 {[%clk 1:22:28]} 4. g3
{[%clk 1:27:30]} Bg7 {[%clk 1:22:53]} 5. Bg2 {[%clk 1:27:55]} d6 {[%clk 1:20:08]}
6. Nge2 {[%clk 1:27:29]} Bg4 {[%clk 1:12:53]} 7. f3 {[%clk 1:25:37]} Bd7
{[%clk 1:02:22]} 8. Rb1 {[%clk 1:21:45]} a6 {[%clk 0:59:16]} 9. O-O
{[%clk 1:15:57]} h5 {[%clk 0:53:21]} 10. h3 {[%clk 1:06:06]} b5 {[%clk 0:39:47]}
11. d3 {[%clk 0:59:28]} b4 {[%clk 0:38:01]} 12. Nd5 {[%clk 0:57:47]} e6
{[%clk 0:37:42]} 13. Ne3 {[%clk 0:57:39]} Nge7 {[%clk 0:37:46]} 14. f4
{[%clk 0:53:49]} Ra7 {[%clk 0:35:02]} 15. f5 {[%clk 0:47:15]} Be5
{[%clk 0:35:14]} 16. fxe6 {[%clk 0:43:22]} fxe6 {[%clk 0:35:38]} 17. Qe1
{[%clk 0:40:45]} Ng8 {[%clk 0:26:57]} 18. Nf4 {[%clk 0:36:43]} Rh6
{[%clk 0:24:34]} 19. Ne2 {[%clk 0:30:51]} g5 {[%clk 0:19:26]} 20. Nc2
{[%clk 0:30:25]} Qe7 {[%clk 0:16:20]} 21. Be3 {[%clk 0:28:49]} Qg7
{[%clk 0:16:25]} 22. Qc1 {[%clk 0:27:11]} Rg6 {[%clk 0:16:11]} 23. b3
{[%clk 0:27:06]} a5 {[%clk 0:16:16]} 24. a3 {[%clk 0:27:22]} Bc8 {[%clk 0:15:20]}
25. a4 1/2-1/2